00939nam a2200229 a 450000100100000000500170001000800410002704000250006808200190009310000490011224501020016126000450026330000280030850000660033650400410040265000340044365000500047770000390052704900090056695201170057599900170069200001642020200929164422.0100305s1991 dr a 001 0 spa d aDO-SdBNPbspacBNPHU a617.645bR173o1 aRamírez de los Santos, C. Jaqueline93659910aOdontopediatría clínica /cC. Jaqueline Ramírez de los Santos; prólogo Rafael Kasse Acta. aSanto Domingo :bAmigo del Hogar,c1991. a538 p. :bil. ;c28 cm. aIncluye datos biográficos de la autora en la contracubierta aIncluye referencias bibliográficas 4aOdontología infantil921583 4aAtención odontologíca para niños9366001 aKasse Acta, Rafaelepról.925885 aBNPD 0010718PDaPDbPDcCTd2010-03-05iLF1l0o617.645 R173op16420-10r2020-06-25w2020-06-25yLFPDZNo se presta c15955d15955